[Event "XXV Festival A"]
[Site "Arco ITA"]
[Date "2003.10.18"]
[Round "1"]
[White "Wagman, Stuart"]
[Black "Agostini, Guillermo"]
[Result "1-0"]
[WhiteElo "2150"]
[BlackElo "1822"]
[PlyCount "91"]
[EventDate "2003.10.18"]

1.e4 d6 2.d4 g6 3.Nf3 Bg7 4.Nc3 Nf6 5.Be2 O-O 6.O-O Nbd7 7.e5 Ne8 8.Bg5 c5
9.Nd5 f6 10.exd6 exd6 11.Be3 Nc7 12.Nxc7 Qxc7 13.Qd2 Nb6 14.dxc5 dxc5 15.
Qc3 c4 16.Bxb6 Qxb6 17.Bxc4+ Kh8 18.Qb3 Qxb3 19.Bxb3 Rd8 20.c3 Bf5 21.Rfe1
Re8 22.Nd4 Bd7 23.Kf1 Rad8 24.Rxe8+ Rxe8 25.Re1 Bh6 26.Rxe8+ Bxe8 27.Bd5 
b6 28.c4 Bc1 29.b3 Bb2 30.Ne6 Ba3 31.Ke2 Bf7 32.Nc7 Bxd5 33.Nxd5 Kg7 34.
Nc3 a5 35.Na4 Bc5 36.Nxc5 bxc5 37.a3 Kf7 38.Kd3 Ke6 39.Kc3 Kd6 40.b4 cxb4+
41.axb4 axb4+ 42.Kxb4 Kc6 43.c5 h5 44.f4 g5 45.fxg5 fxg5 46.Kc4 1-0

[Event "XXV Festival A"]
[Site "Arco ITA"]
[Date "2003.10.19"]
[Round "2"]
[White "Agostini, Guillermo"]
[Black "Benaglia, Giovanni"]
[Result "1-0"]
[WhiteElo "1822"]
[BlackElo "2062"]
[PlyCount "65"]
[EventDate "2003.10.18"]

1.d4 f5 2.g3 Nf6 3.Bg2 g6 4.c4 Bg7 5.Nc3 O-O 6.Nh3 d6 7.d5 a5 8.Nf4 Na6 9.
h4 Nc5 10.h5 g5 11.h6 Bxh6 12.Rxh6 gxf4 13.Bxf4 Bd7 14.Qc2 Qe8 15.Bf3 Rb8 
16.Kf1 c6 17.Kg2 b5 18.cxb5 cxb5 19.Rah1 b4 20.Bg5 bxc3 21.Bxf6 exf6 22.
Rxh7 Qe5 23.Rh8+ Kf7 24.R1h7+ Ke8 25.Bh5+ Kd8 26.Rxf8+ Kc7 27.Rxb8 Kxb8 
28.bxc3 Qxd5+ 29.Bf3 Qe5 30.Rh8+ Kc7 31.Qb2 Bc8 32.Qb5 Qxc3 33.Qc6+ 1-0

[Event "XXV Festival A"]
[Site "Arco ITA"]
[Date "2003.10.19"]
[Round "2"]
[White "Astengo, Marcello"]
[Black "Castellano, Alfonso"]
[Result "1-0"]
[WhiteElo "2066"]
[BlackElo "1854"]
[PlyCount "28"]
[EventDate "2003.10.18"]

1.d4 Nf6 2.c4 g6 3.Nc3 Bg7 4.e4 d6 5.f3 O-O 6.Bg5 Nbd7 7.Qd2 e5 8.d5 a5 9.
g4 Nc5 10.h4 h5 11.gxh5 gxh5 12.Nge2 Kh7 13.Ng3 Kg6 14.Rg1 Bd7 1-0

[Event "XXV Festival A"]
[Site "Arco ITA"]
[Date "2003.10.19"]
[Round "2"]
[White "Blagojevic, Dragisa"]
[Black "De Santis, Alessio"]
[Result "1-0"]
[WhiteElo "2521"]
[BlackElo "2272"]
[PlyCount "77"]
[EventDate "2003.10.18"]

1.d4 f5 2.g3 Nf6 3.Bg2 g6 4.c4 Bg7 5.Nc3 d6 6.d5 O-O 7.Nh3 a5 8.O-O Na6 9.
Nf4 Nc5 10.Be3 Bd7 11.Bd4 Rb8 12.e3 Qe8 13.Bxc5 dxc5 14.Qe2 e5 15.dxe6 
Bxe6 16.Ncd5 Bxd5 17.cxd5 b6 18.Ne6 Rf7 19.Qc4 Kh8 20.Rad1 Qe7 21.Ng5 Rff8
22.d6 cxd6 23.Qe6 Qxe6 24.Nxe6 Rf7 25.Rxd6 Rd7 26.Rxd7 Nxd7 27.Rd1 Nf8 28.
Nxg7 Kxg7 29.Rd6 Kf7 30.Rc6 Ke7 31.Bf1 Nd7 32.a4 Rb7 33.Ba6 Ra7 34.Bc4 Rb7
35.Re6+ Kf8 36.Kf1 Rb8 37.Ke2 Rb7 38.h4 h5 39.Rxg6 1-0

[Event "XXV Festival A"]
[Site "Arco ITA"]
[Date "2003.10.19"]
[Round "2"]
[White "Borin, Fabio"]
[Black "Karpatchev, Aleksandr"]
[Result "0-1"]
[WhiteElo "2189"]
[BlackElo "2459"]
[PlyCount "72"]
[EventDate "2003.10.18"]

1.e4 e5 2.Nf3 Nc6 3.d4 exd4 4.c3 d5 5.exd5 Qxd5 6.cxd4 Bg4 7.Nc3 Bb4 8.Be2
Bxf3 9.Bxf3 Qc4 10.Qb3 Qxb3 11.axb3 Nge7 12.Be3 O-O-O 13.O-O-O Kb8 14.Rhe1
Nf5 15.Bxc6 bxc6 16.g4 Ne7 17.Bg5 f6 18.Bf4 h5 19.h3 hxg4 20.hxg4 Rh4 21.
Rg1 Kb7 22.Be3 Nd5 23.Bd2 Re8 24.Rde1 Rxe1+ 25.Bxe1 Nf4 26.Kc2 Rh2 27.Ne4 
Ne2 28.Rf1 Bxe1 29.Rxe1 Nxd4+ 30.Kc3 Nb5+ 31.Kb4 Kb6 32.Ra1 Nd4 33.Kc4 Ne6
34.Re1 a5 35.f3 Nf4 36.Nc5 Rc2+ 0-1

[Event "XXV Festival A"]
[Site "Arco ITA"]
[Date "2003.10.19"]
[Round "2"]
[White "Burg, Twan"]
[Black "Del Nevo, Claudio"]
[Result "1-0"]
[WhiteElo "2050"]
[BlackElo "1743"]
[PlyCount "47"]
[EventDate "2003.10.18"]

1.e4 d6 2.d4 Nf6 3.Nc3 g6 4.f4 c6 5.Nf3 Bg7 6.Bd3 Bg4 7.h3 Bxf3 8.Qxf3 O-O
9.Be3 Qb6 10.O-O-O Nfd7 11.e5 d5 12.g4 e6 13.h4 c5 14.dxc5 Nxc5 15.Bxc5 
Qxc5 16.h5 Nc6 17.hxg6 fxg6 18.Qh3 Ne7 19.Qxh7+ Kf7 20.Nb5 Rh8 21.Nd6+ Kf8
22.Qxh8+ Bxh8 23.Rxh8+ Ng8 24.Rh7 1-0

[Event "XXV Festival A"]
[Site "Arco ITA"]
[Date "2003.10.19"]
[Round "2"]
[White "Casagrande, Fabio"]
[Black "Kort, Jacob"]
[Result "0-1"]
[WhiteElo "2042"]
[BlackElo "2224"]
[PlyCount "50"]
[EventDate "2003.10.18"]

1.e4 e5 2.Nf3 Nc6 3.d4 exd4 4.Nxd4 Bc5 5.Nxc6 Qf6 6.Qd2 Qxc6 7.Bd3 Ne7 8.
O-O O-O 9.b4 Bd4 10.c3 Bf6 11.f4 d6 12.Bb2 g6 13.Na3 d5 14.e5 Bg7 15.Nc2 
Qb6+ 16.Kh1 f6 17.c4 dxc4 18.Bxc4+ Be6 19.Bd4 Qc6 20.Bxe6+ Qxe6 21.exf6 
Bxf6 22.Rae1 Qd5 23.Qc3 Bxd4 24.Nxd4 Rf7 25.Re5 Qxe5 0-1

[Event "XXV Festival A"]
[Site "Arco ITA"]
[Date "2003.10.19"]
[Round "2"]
[White "Cebalo, Miso"]
[Black "Van Rijn, Wouter"]
[Result "1/2-1/2"]
[WhiteElo "2486"]
[BlackElo "2252"]
[PlyCount "97"]
[EventDate "2003.10.18"]

1.d4 d5 2.Nf3 Nf6 3.c4 e6 4.Nc3 Be7 5.Bg5 O-O 6.e3 b6 7.Bd3 Bb7 8.O-O Ne4 
9.Bf4 c5 10.Qe2 g5 11.Bxb8 Qxb8 12.cxd5 exd5 13.Rfd1 cxd4 14.Nxd4 Qe5 15.
Qh5 f5 16.Nxe4 fxe4 17.Bb5 Qf6 18.Qe2 Rac8 19.Rac1 Rc5 20.Rc2 Bd6 21.g3 
Be5 22.b4 Rxc2 23.Qxc2 Rc8 24.Qe2 Rc3 25.Ba4 Rc4 26.Bb3 Rc8 27.h4 Bxd4 28.
Rxd4 Rc1+ 29.Rd1 Rxd1+ 30.Qxd1 gxh4 31.Bxd5+ Bxd5 32.Qxd5+ Kg7 33.Qxe4 
hxg3 34.Qg4+ Kh6 35.Qxg3 Qa1+ 36.Kg2 Qxa2 37.e4 Qc4 38.Qd6+ Kg7 39.Qe7+ 
Kg6 40.Kg3 Qc3+ 41.Kg2 a5 42.Qe8+ Kg5 43.Qb5+ Kh4 44.Qf5 axb4 45.Qxh7+ Kg5
46.Qf5+ Kh6 47.Qe6+ Kh7 48.e5 b3 49.Qf7+ 1/2-1/2

[Event "XXV Festival A"]
[Site "Arco ITA"]
[Date "2003.10.19"]
[Round "2"]
[White "Di Lazzaro, Gabriele"]
[Black "Crippa, Gabriele"]
[Result "0-1"]
[WhiteElo "2013"]
[BlackElo "2129"]
[PlyCount "70"]
[EventDate "2003.10.18"]

1.e4 e6 2.d4 d5 3.Nd2 Nf6 4.e5 Nfd7 5.Bd3 c5 6.c3 Nc6 7.Ngf3 cxd4 8.cxd4 
Qb6 9.O-O Be7 10.Nb3 a5 11.a4 Nb4 12.Bb1 Qd8 13.Ne1 b6 14.f4 Ba6 15.Rf3 
Rc8 16.f5 Bc4 17.fxe6 fxe6 18.Nd2 Nb8 19.Nxc4 Rxc4 20.b3 Rxd4 21.Qe2 N8c6 
22.Be3 Bg5 23.Rh3 Rh4 24.Rxh4 Bxh4 25.Qh5+ Kd7 26.Nf3 Be7 27.Bxh7 Nc2 28.
Nd4 N6xd4 29.Bxd4 Nxd4 30.Qg6 Qf8 31.Qd3 Qf4 32.Rf1 Qxe5 33.g3 Rf8 34.Rd1 
Bc5 35.Kh1 Qe2 0-1

[Event "XXV Festival A"]
[Site "Arco ITA"]
[Date "2003.10.19"]
[Round "2"]
[White "Di Paolo, Raffaele"]
[Black "Swinkels, Jos"]
[Result "1-0"]
[WhiteElo "2325"]
[BlackElo "1991"]
[PlyCount "87"]
[EventDate "2003.10.18"]

1.e4 e5 2.Nf3 Nc6 3.Bb5 a6 4.Ba4 Nf6 5.O-O Be7 6.Re1 b5 7.Bb3 d6 8.c3 O-O 
9.h3 Na5 10.Bc2 c5 11.d4 Nd7 12.Nbd2 cxd4 13.cxd4 Nc6 14.d5 Nb4 15.Bb1 a5 
16.a3 Na6 17.b4 axb4 18.axb4 Nb6 19.Qb3 Bd7 20.Bd3 Na4 21.Nb1 Qc8 22.Bd2 
Qb7 23.Na3 Nc7 24.Rec1 Rfc8 25.Ra2 g6 26.Rac2 Nb6 27.Be3 Kg7 28.Qb2 f6 29.
Nd2 f5 30.Nb3 Bf6 31.Na5 Qa7 32.Bxb5 Nxb5 33.Nxb5 Rxc2 34.Qxc2 Bxb5 35.
Qc7+ Qxc7 36.Rxc7+ Nd7 37.Nc6 Rd8 38.Nxd8 Bxd8 39.Rb7 Ba4 40.b5 Bxb5 41.
Rxb5 Kf6 42.Rb7 Nf8 43.Bh6 Be7 44.h4 1-0

[Event "XXV Festival A"]
[Site "Arco ITA"]
[Date "2003.10.19"]
[Round "2"]
[White "Diotallevi, Maurizio"]
[Black "Bossoni, Mario"]
[Result "1-0"]
[WhiteElo "2096"]
[BlackElo "1966"]
[PlyCount "55"]
[EventDate "2003.10.18"]

1.d4 Nf6 2.c4 c5 3.Nf3 cxd4 4.Nxd4 e5 5.Nb5 d5 6.cxd5 Bc5 7.e3 O-O 8.N5c3 
Bf5 9.Be2 Qe7 10.g4 Bxb1 11.Rxb1 Bb4 12.a3 Bxc3+ 13.bxc3 Ne4 14.Qc2 f5 15.
Bd3 Qh4 16.Bxe4 fxe4 17.Rxb7 Na6 18.Rb5 Qxg4 19.c4 Qg2 20.Rf1 Rfd8 21.Bb2 
Rac8 22.c5 Nc7 23.Rb7 Qg5 24.Qxe4 Nxd5 25.Bxe5 Nf6 26.Qc4+ Kh8 27.Bd4 Ne8 
28.Qf7 1-0

[Event "XXV Festival A"]
[Site "Arco ITA"]
[Date "2003.10.19"]
[Round "2"]
[White "Femiano, Andrea"]
[Black "Dittmar, Peter"]
[Result "0-1"]
[WhiteElo "2146"]
[BlackElo "2356"]
[PlyCount "107"]
[EventDate "2003.10.18"]

1.e4 e6 2.d4 d5 3.e5 c5 4.Nf3 cxd4 5.Bd3 Nc6 6.O-O f6 7.Bf4 g5 8.Bg3 g4 9.
Nh4 f5 10.f3 Be7 11.Qe1 Nh6 12.a3 Rg8 13.f4 a5 14.c4 dxc3 15.Nxc3 Kf7 16.
Nb5 Kg7 17.Rc1 Nf7 18.Bf2 h5 19.g3 Bxh4 20.gxh4 Nh8 21.Nd4 Nxd4 22.Bxd4 
Ng6 23.Qf2 Qxh4 24.Rc7+ Kh6 25.Qxh4 Nxh4 26.Kf2 Nf3 27.Bc5 b6 28.Be7 Rb8 
29.Rfc1 Rb7 30.Bg5+ Nxg5 31.fxg5+ Kxg5 32.Rxc8 Rxc8 33.Rxc8 Kf4 34.Rc6 
Kxe5 35.Ba6 Re7 36.b4 axb4 37.axb4 h4 38.Bc8 b5 39.Rc5 f4 40.Rxb5 g3+ 41.
hxg3 hxg3+ 42.Kg2 Rg7 43.Rb7 Rg8 44.Rc7 f3+ 45.Kg1 g2 46.Rc1 Rh8 47.Kf2 
Rh1 48.Rg1 Kf4 49.Rxg2 fxg2 50.Kxg2 Rb1 51.Bxe6 Rb2+ 52.Kf1 Ke5 53.Bg8 
Rxb4 54.Ke2 0-1

[Event "XXV Festival A"]
[Site "Arco ITA"]
[Date "2003.10.19"]
[Round "2"]
[White "Friedrich, Norbert"]
[Black "Slobodjan, Roman"]
[Result "1/2-1/2"]
[WhiteElo "2252"]
[BlackElo "2513"]
[PlyCount "70"]
[EventDate "2003.10.18"]

1.e4 e5 2.Nf3 Nc6 3.Bb5 a6 4.Ba4 Nf6 5.d4 exd4 6.O-O Be7 7.e5 Ne4 8.Nxd4 
Nxd4 9.Qxd4 Nc5 10.Nc3 O-O 11.Nd5 d6 12.Nxe7+ Qxe7 13.exd6 Qxd6 14.Qxd6 
cxd6 15.Bb3 Nxb3 16.axb3 Be6 17.b4 Rac8 18.c3 Rfe8 19.Re1 f6 20.Bf4 d5 21.
Be3 Bd7 22.Rad1 Bc6 23.f3 Re6 24.Kf2 Rce8 25.Bd4 Rxe1 26.Rxe1 Rxe1 27.Kxe1
Kf7 28.Kf2 Ke6 29.Ke3 Bb5 30.g3 h5 31.Bc5 g5 32.Bd4 Kf5 33.Bb6 Bf1 34.Bc5 
Bg2 35.Bb6 Bf1 1/2-1/2

[Event "XXV Festival A"]
[Site "Arco ITA"]
[Date "2003.10.19"]
[Round "2"]
[White "Happel, Hendrik A."]
[Black "Grigore, George-Gabriel"]
[Result "0-1"]
[WhiteElo "2237"]
[BlackElo "2485"]
[PlyCount "70"]
[EventDate "2003.10.18"]

1.d4 Nf6 2.c4 g6 3.Nc3 Bg7 4.e4 d6 5.Nf3 O-O 6.Be2 e5 7.d5 a5 8.O-O Na6 9.
Bg5 h6 10.Bh4 Nc5 11.Nd2 Bd7 12.Bxf6 Qxf6 13.b3 h5 14.a3 Bh6 15.Rb1 Rfc8 
16.Qc2 c6 17.b4 axb4 18.axb4 Na6 19.c5 cxd5 20.Nxd5 Qd8 21.Nc4 dxc5 22.
Ndb6 Nxb4 23.Qd1 Bc6 24.Nxa8 Rxa8 25.Nxe5 Bxe4 26.Bc4 Qg5 27.Nf3 Qf4 28.
Rb3 Bxf3 29.Bxf7+ Qxf7 30.Rxf3 Qd5 31.Qb1 Qc6 32.Rd1 Bg7 33.Qb3+ Nd5 34.h4
c4 35.Qc2 Nb4 0-1

[Event "XXV Festival A"]
[Site "Arco ITA"]
[Date "2003.10.19"]
[Round "2"]
[White "Ivanov, Mikhail M."]
[Black "Wagman, Stuart"]
[Result "1-0"]
[WhiteElo "2425"]
[BlackElo "2150"]
[PlyCount "57"]
[EventDate "2003.10.18"]

1.c4 c6 2.d4 d5 3.Nf3 Nf6 4.Qc2 g6 5.e3 Bf5 6.Qb3 Qb6 7.Nc3 Qxb3 8.axb3 
Bg7 9.c5 Nbd7 10.b4 O-O 11.b5 e5 12.b4 Ne4 13.Bb2 Rfe8 14.Nxe4 Bxe4 15.
Nxe5 Nxe5 16.dxe5 Bxe5 17.Bxe5 Rxe5 18.bxc6 bxc6 19.Kd2 d4 20.exd4 Rd5 21.
Kc3 Rad8 22.Rd1 a5 23.bxa5 Rxc5+ 24.dxc5 Rxd1 25.a6 Rc1+ 26.Kd4 Bd5 27.h4 
f6 28.a7 Ra1 29.Bc4 1-0

[Event "XXV Festival A"]
[Site "Arco ITA"]
[Date "2003.10.19"]
[Round "2"]
[White "Korneev, Oleg"]
[Black "Valenti, Giuseppe"]
[Result "1-0"]
[WhiteElo "2559"]
[BlackElo "2305"]
[PlyCount "95"]
[EventDate "2003.10.18"]

1.e4 c5 2.Nf3 e6 3.d4 cxd4 4.Nxd4 a6 5.Nc3 Qc7 6.Bd3 Nf6 7.O-O Nc6 8.Be3 
Be7 9.Kh1 O-O 10.f4 d6 11.Qf3 Bd7 12.Rae1 b5 13.a3 Rfe8 14.Qg3 Rac8 15.e5 
Nh5 16.Qh3 g6 17.Nxc6 Bxc6 18.f5 exf5 19.Bxf5 Rcd8 20.e6 f6 21.Qg4 Bf8 22.
Bb6 Qg7 23.Bxd8 Rxd8 24.Bd3 Be7 25.Qd4 f5 26.Qxg7+ Kxg7 27.Ne2 Bf6 28.c3 
Bd5 29.Bxf5 gxf5 30.Rxf5 Bxe6 31.Rxh5 Bg4 32.Ng3 Bxh5 33.Nxh5+ Kg6 34.Nxf6
Kxf6 35.Kg1 d5 36.Kf2 Rd7 37.g4 a5 38.h4 b4 39.cxb4 axb4 40.a4 Ra7 41.b3 
Rc7 42.a5 Ra7 43.Ra1 Ke5 44.Ke3 Ra6 45.Kd3 Kf4 46.Kd4 Kxg4 47.Kxd5 Kxh4 
48.Kc5 1-0

[Event "XXV Festival A"]
[Site "Arco ITA"]
[Date "2003.10.19"]
[Round "2"]
[White "Levin, Felix"]
[Black "Zucchelli, Massimo"]
[Result "1-0"]
[WhiteElo "2481"]
[BlackElo "2178"]
[PlyCount "83"]
[EventDate "2003.10.18"]

1.Nf3 d5 2.d4 Nf6 3.c4 e6 4.Nc3 Be7 5.Bg5 O-O 6.e3 b6 7.Be2 Bb7 8.Bxf6 
Bxf6 9.cxd5 exd5 10.b4 c6 11.O-O a5 12.b5 cxb5 13.Bxb5 Na6 14.Qb3 Nc7 15.
Be2 Qd6 16.Rab1 Bc6 17.Rfc1 Rab8 18.Nb5 Nxb5 19.Bxb5 Bxb5 20.Qxb5 Rfc8 21.
g3 h5 22.Rxc8+ Rxc8 23.Qxb6 Qxb6 24.Rxb6 Rc1+ 25.Kg2 Rc2 26.a4 Ra2 27.Rb8+
Kh7 28.Rb5 Rxa4 29.Rxd5 g6 30.Rd7 Kg7 31.e4 Kf8 32.e5 Ke8 33.Rb7 Bd8 34.d5
Ra1 35.d6 a4 36.Nd4 a3 37.d7+ Kf8 38.Nc6 a2 39.Ra7 Rc1 40.Nxd8 a1=Q 41.
Rxa1 Rxa1 42.Ne6+ 1-0

[Event "XXV Festival A"]
[Site "Arco ITA"]
[Date "2003.10.19"]
[Round "2"]
[White "Luciani, Carlo"]
[Black "Antoniacci, Riccardo"]
[Result "1/2-1/2"]
[WhiteElo "2233"]
[BlackElo "2041"]
[PlyCount "114"]
[EventDate "2003.10.18"]

1.e4 c5 2.Nf3 Nc6 3.d4 cxd4 4.Nxd4 g6 5.c4 Bg7 6.Be3 Nf6 7.Nc3 Ng4 8.Qxg4 
Nxd4 9.Qd1 Nc6 10.Rc1 Qa5 11.Qd2 h5 12.h4 b6 13.b3 Bb7 14.Nd5 Qxd2+ 15.
Kxd2 Rc8 16.f3 d6 17.g3 Nd4 18.Bg2 e6 19.Nc3 O-O 20.Rhd1 f5 21.Ke1 e5 22.
f4 fxe4 23.Bxd4 exd4 24.Nb5 Rcd8 25.Nxd4 Rfe8 26.Nb5 Bf8 27.Ke2 Bc8 28.Ke3
Bg4 29.Rd4 d5 30.Rxd5 Bc5+ 31.Nd4 Rxd5 32.cxd5 Bf5 33.Bf1 a6 34.Rc4 a5 35.
Rc3 Rd8 36.Bc4 Kh7 37.a4 Kh8 38.Rc2 Be6 39.dxe6 Rxd4 40.Ke2 Kg7 41.Bb5 Kf6
42.Be8 Rd3 43.Rc4 Re3+ 44.Kd2 Rd3+ 45.Kc2 Rd4 46.Rxd4 Bxd4 47.e7 Kxe7 48.
Bxg6 Bf2 49.g4 hxg4 50.h5 Bg3 51.h6 Bxf4 52.h7 Be5 53.Bxe4 Kf7 54.Kd3 Kg7 
55.Ke3 Bh2 56.Bf5 Bg1+ 57.Kf4 Bc5 1/2-1/2

[Event "XXV Festival A"]
[Site "Arco ITA"]
[Date "2003.10.19"]
[Round "2"]
[White "Medancic, Rikard"]
[Black "Rotstein, Arkadij"]
[Result "0-1"]
[WhiteElo "2275"]
[BlackElo "2533"]
[PlyCount "56"]
[EventDate "2003.10.18"]

1.d4 Nf6 2.Bg5 e6 3.Nd2 c5 4.e3 Be7 5.Ngf3 O-O 6.c3 b6 7.Bd3 Bb7 8.Bxf6 
Bxf6 9.h4 g6 10.h5 Nc6 11.Qe2 d5 12.O-O-O c4 13.Bc2 b5 14.e4 b4 15.e5 Bg7 
16.Qe3 bxc3 17.bxc3 Qa5 18.a4 Ne7 19.hxg6 hxg6 20.Nb1 Bc6 21.Qg5 Rfe8 22.
Qh4 Rab8 23.Nfd2 Bxa4 24.Rh3 Bxc2 25.Rdh1 g5 26.Qxg5 Bg6 27.Qf6 Bxf6 28.
exf6 Kf8 0-1

[Event "XXV Festival A"]
[Site "Arco ITA"]
[Date "2003.10.19"]
[Round "2"]
[White "Molzahn, Norbert"]
[Black "Sautto, Alessandra"]
[Result "1-0"]
[WhiteElo "2089"]
[BlackElo "1964"]
[PlyCount "62"]
[EventDate "2003.10.18"]

1.c4 Nf6 2.Nc3 e6 3.e4 e5 4.Nf3 d6 5.Be2 Be7 6.O-O Bg4 7.d3 Nc6 8.a3 Bxf3 
9.Bxf3 Nd4 10.b4 a6 11.g3 Nxf3+ 12.Qxf3 Qd7 13.Qf5 Qe6 14.f4 exf4 15.Bxf4 
Qxf5 16.exf5 O-O 17.Rfe1 Rfe8 18.Re2 c6 19.Rae1 Bf8 20.Bg5 Rxe2 21.Rxe2 
Nd7 22.d4 f6 23.Bf4 Kf7 24.Ne4 Nb6 25.c5 dxc5 26.dxc5 Nd5 27.Bd6 Re8 28.
Kf2 Ne7 29.g4 Nd5 30.h4 Kg8 31.Kf3 h6 1-0

[Event "XXV Festival A"]
[Site "Arco ITA"]
[Date "2003.10.19"]
[Round "2"]
[White "Ortega, Lexy"]
[Black "De Napoli, Giuseppe"]
[Result "1-0"]
[WhiteElo "2462"]
[BlackElo "2159"]
[PlyCount "51"]
[EventDate "2003.10.18"]

1.d4 Nf6 2.Nf3 d5 3.c4 e6 4.Nc3 c6 5.e3 Bd6 6.Bd3 dxc4 7.Bxc4 Nbd7 8.O-O 
O-O 9.h3 Re8 10.Bb3 h6 11.Bd2 e5 12.Qc2 exd4 13.exd4 Nb6 14.Bxh6 Nbd5 15.
Bg5 Be6 16.Rfe1 Qd7 17.Ne5 Bxe5 18.Rxe5 Bxh3 19.Bxf6 Nxf6 20.gxh3 Qxh3 21.
Qg6 Rxe5 22.dxe5 Ng4 23.Qxf7+ Kh8 24.Qf4 Re8 25.e6 g5 26.Qg3 1-0

[Event "XXV Festival A"]
[Site "Arco ITA"]
[Date "2003.10.19"]
[Round "2"]
[White "Papale, Carmelo"]
[Black "Rahls, Peter"]
[Result "0-1"]
[WhiteElo "1740"]
[BlackElo "2341"]
[PlyCount "96"]
[EventDate "2003.10.18"]

1.e4 c5 2.Nf3 e6 3.d4 cxd4 4.Nxd4 Nf6 5.Bd3 Nc6 6.Nxc6 dxc6 7.O-O e5 8.Nc3
Bc5 9.Qe2 Bg4 10.Qe1 b5 11.Be3 Qe7 12.f3 Bd7 13.Qf2 Bxe3 14.Qxe3 O-O 15.
Rad1 Qb4 16.a3 Qa5 17.Qc5 Qb6 18.Qxb6 axb6 19.Rd2 Be6 20.Rfd1 Rfc8 21.Bf1 
Kf8 22.Kf2 Ke7 23.Ke3 Rc7 24.Be2 Rd7 25.Rxd7+ Nxd7 26.g3 h5 27.f4 Bg4 28.
Bxg4 hxg4 29.Rd2 Ke6 30.Nd1 Rh8 31.Rg2 g6 32.Nf2 f5 33.Nd3 Re8 34.Nxe5 
Nxe5 35.exf5+ gxf5 36.fxe5 Kxe5 37.Re2 Kd5+ 38.Kd3 Rxe2 39.Kxe2 Kd4 40.Kd2
c5 41.b3 c4 42.c3+ Ke4 43.bxc4 bxc4 44.a4 Kf3 45.Ke1 Kg2 46.Ke2 Kxh2 47.
Kf2 f4 48.gxf4 g3+ 0-1

[Event "XXV Festival A"]
[Site "Arco ITA"]
[Date "2003.10.19"]
[Round "2"]
[White "Perich, Stefano"]
[Black "Swinkels, Robin"]
[Result "0-1"]
[WhiteElo "1984"]
[BlackElo "2170"]
[PlyCount "98"]
[EventDate "2003.10.18"]

1.Nf3 Nf6 2.d4 g6 3.g3 Bg7 4.Bg2 O-O 5.O-O d5 6.c4 dxc4 7.Na3 Nc6 8.Nxc4 
Be6 9.b3 Bd5 10.Bb2 Ne4 11.e3 f5 12.Nfe5 a5 13.a3 e6 14.f3 Nf6 15.Qd3 Nxe5
16.Nxe5 Nd7 17.Nxd7 Qxd7 18.Rac1 Bc6 19.Rfd1 Rfd8 20.Qc2 Qe7 21.f4 Bxg2 
22.Kxg2 c6 23.Rd3 Rd5 24.Rc3 Rad8 25.Rc5 Bf8 26.Rc4 Qd7 27.Qc3 Bg7 28.Rc5 
Rxc5 29.Qxc5 Qd5+ 30.Qxd5 exd5 31.Rc5 Ra8 32.Bc3 a4 33.bxa4 Rxa4 34.Ra5 
Rxa5 35.Bxa5 Bf8 36.Bb4 b6 37.Kf2 Kf7 38.Ke2 c5 39.Bc3 Ke6 40.a4 Kd7 41.
Kd3 Kc6 42.Kc2 h5 43.h4 c4 44.Kb2 b5 45.axb5+ Kxb5 46.Ka2 Bb4 47.Kb2 Ka5 
48.Kc2 Bxc3 49.Kxc3 Kb5 0-1

[Event "XXV Festival A"]
[Site "Arco ITA"]
[Date "2003.10.19"]
[Round "2"]
[White "Popa, Claudiu"]
[Black "Proietti, Giorgio"]
[Result "1-0"]
[WhiteElo "2175"]
[BlackElo "1891"]
[PlyCount "63"]
[EventDate "2003.10.18"]

1.e4 e6 2.d4 d5 3.Nd2 Nf6 4.e5 Nfd7 5.c3 c5 6.Bd3 Nc6 7.Ne2 Qb6 8.Nf3 cxd4
9.cxd4 Bb4+ 10.Bd2 Bxd2+ 11.Qxd2 Qb4 12.a3 Qxd2+ 13.Nxd2 Ke7 14.Rc1 f6 15.
f4 fxe5 16.fxe5 a6 17.O-O Nf8 18.Nb3 Nd7 19.Rf3 Ndxe5 20.dxe5 Nxe5 21.Rg3 
Nxd3 22.Rxd3 Kd6 23.Na5 b5 24.Rf3 Ra7 25.Rc6+ Ke7 26.Nd4 Bd7 27.Rb6 Raa8 
28.Nxe6 Bxe6 29.Re3 Kf7 30.Rbxe6 Rhd8 31.Nb7 Rd7 32.Nd6+ 1-0

[Event "XXV Festival A"]
[Site "Arco ITA"]
[Date "2003.10.19"]
[Round "2"]
[White "Prakken, Gerrit"]
[Black "Cardili, Mariano"]
[Result "1-0"]
[WhiteElo "2249"]
[BlackElo "1900"]
[PlyCount "76"]
[EventDate "2003.10.18"]

1.d4 d5 2.c4 c6 3.Nc3 Nf6 4.e3 Bf5 5.cxd5 cxd5 6.Qb3 Qd7 7.Nf3 e6 8.Bb5 
Nc6 9.Ne5 Qc7 10.Qa4 Rc8 11.Qxa7 Bd6 12.Nxc6 bxc6 13.Qxc7 Rxc7 14.Be2 O-O 
15.O-O Rb8 16.b3 Ne4 17.Nxe4 Bxe4 18.Bb2 Ra7 19.f3 Bg6 20.Rfc1 Ba3 21.Bxa3
Rxa3 22.Rxc6 Rba8 23.Kf2 Kf8 24.b4 Rxa2 25.Rc8+ Rxc8 26.Rxa2 Ke7 27.h4 Rc7
28.Rb2 f6 29.b5 Be8 30.b6 Rb7 31.Bd3 h6 32.e4 Kd6 33.Ke3 Bc6 34.g4 g5 35.
h5 dxe4 36.fxe4 Rb8 37.Bc4 Be8 38.Rf2 Ke7 1-0

[Event "XXV Festival A"]
[Site "Arco ITA"]
[Date "2003.10.19"]
[Round "2"]
[White "Ricci, Alfredo"]
[Black "Dalponte, Dino"]
[Result "1-0"]
[WhiteElo "2029"]
[BlackElo "2134"]
[PlyCount "84"]
[EventDate "2003.10.18"]

1.e4 e6 2.d3 Nc6 3.Nf3 Nge7 4.g3 Ng6 5.Bg2 Be7 6.O-O O-O 7.h4 h6 8.d4 d6 
9.c4 e5 10.d5 Nb8 11.Nc3 Bg4 12.Qb3 b6 13.Nh2 Qc8 14.Nxg4 Qxg4 15.Nb5 Bd8 
16.Qf3 Qxf3 17.Bxf3 Nd7 18.Bg2 Nc5 19.b4 Nb7 20.h5 Ne7 21.f4 a6 22.Nc3 a5 
23.fxe5 axb4 24.Nb5 dxe5 25.Bb2 f6 26.Bh3 Nc5 27.d6 cxd6 28.Nxd6 Nc6 29.a3
Nb3 30.Be6+ Kh7 31.Bd5 Be7 32.Nf5 Bc5+ 33.Kg2 Nxa1 34.axb4 Nd4 35.Bxa8 
Rxa8 36.bxc5 Ra2 37.Rf2 Nxf5 38.cxb6 Nd6 39.c5 Ra6 40.Bxa1 Nxe4 41.b7 Nxc5
42.b8=Q Rxa1 1-0

[Event "XXV Festival A"]
[Site "Arco ITA"]
[Date "2003.10.19"]
[Round "2"]
[White "Roberti, Ignazio"]
[Black "Trauth, Michael"]
[Result "0-1"]
[WhiteElo "1990"]
[BlackElo "2202"]
[PlyCount "66"]
[EventDate "2003.10.18"]

1.e4 c5 2.c3 d5 3.exd5 Qxd5 4.d4 cxd4 5.cxd4 Nc6 6.Nf3 e5 7.Nc3 Bb4 8.Bd2 
Bxc3 9.Bxc3 exd4 10.Nxd4 Nge7 11.Nb5 Qe6+ 12.Be2 O-O 13.Nc7 Qe4 14.O-O Rd8
15.Qb3 Qxe2 16.Nxa8 Be6 17.Qxb7 Rb8 18.Qc7 Rxa8 19.Rfe1 Qc4 20.Qg3 Nf5 21.
Qc7 h6 22.Rac1 Rc8 23.Qb7 Ncd4 24.b3 Qd3 25.Rxe6 Rxc3 26.Re8+ Kh7 27.Rce1 
Nd6 28.Qd7 Nxe8 29.Qxe8 Qg6 30.Kh1 Rc2 31.Qe3 Nf5 32.Qxa7 Nh4 33.Rg1 Rc1 
0-1

[Event "XXV Festival A"]
[Site "Arco ITA"]
[Date "2003.10.19"]
[Round "2"]
[White "Rossi, Giampiero"]
[Black "Isonzo, David"]
[Result "0-1"]
[WhiteElo "2040"]
[BlackElo "2349"]
[PlyCount "90"]
[EventDate "2003.10.18"]

1.d4 Nc6 2.Nf3 d6 3.g3 g6 4.Bg2 Bg7 5.c4 Nf6 6.Nc3 O-O 7.O-O a6 8.h3 Bd7 
9.e4 Rb8 10.e5 Ne8 11.Bf4 Na5 12.b3 b5 13.cxb5 axb5 14.Qd2 c6 15.Rad1 Nb7 
16.Rfe1 Nc7 17.exd6 exd6 18.d5 b4 19.Ne4 Nxd5 20.Bh6 f5 21.Bxg7 Kxg7 22.
Qd4+ Kg8 23.Neg5 Nc5 24.Qh4 h5 25.Nd4 Nc3 26.Rd2 d5 27.Ngf3 N5e4 28.Qxd8 
Rfxd8 29.Rc2 Re8 30.Ne2 Kg7 31.Nxc3 bxc3 32.Rd1 Rb4 33.Nd4 c5 34.Ne2 d4 
35.Nf4 Rbb8 36.Ne2 Bb5 37.Nf4 Rbd8 38.Bf1 Bxf1 39.Kxf1 Kf6 40.Kg1 Nd2 41.
h4 c4 42.bxc4 Nxc4 43.Rd3 Nb2 44.Rf3 d3 45.Rxc3 d2 0-1

[Event "XXV Festival A"]
[Site "Arco ITA"]
[Date "2003.10.19"]
[Round "2"]
[White "Stull, Norbert"]
[Black "Bondielli, Giorgio"]
[Result "1/2-1/2"]
[WhiteElo "2114"]
[BlackElo "2019"]
[PlyCount "75"]
[EventDate "2003.10.18"]

1.d4 f5 2.g3 Nf6 3.Bg2 g6 4.Nf3 Bg7 5.O-O O-O 6.b3 d6 7.Bb2 c6 8.Nbd2 Na6 
9.c4 Qc7 10.a3 Bd7 11.Qc2 Rae8 12.b4 Nh5 13.e3 e5 14.c5 e4 15.cxd6 Qxd6 
16.Nc4 Qd5 17.Nfe5 Be6 18.f3 Nf6 19.fxe4 Nxe4 20.Nd2 Bh6 21.Rae1 Qb5 22.
Nxe4 fxe4 23.Bxe4 Rxf1+ 24.Rxf1 Bxe3+ 25.Kg2 Bh3+ 26.Kxh3 Qxf1+ 27.Bg2 
Qf5+ 28.Qxf5 gxf5 29.d5 Nb8 30.dxc6 bxc6 31.Nxc6 Nxc6 32.Bxc6 Rd8 33.b5 
Bg1 34.Bc3 Kf7 35.Bb4 Bd4 36.a4 Ke6 37.a5 Rb8 38.a6 1/2-1/2

[Event "XXV Festival A"]
[Site "Arco ITA"]
[Date "2003.10.19"]
[Round "2"]
[White "Tocco, Paolo"]
[Black "Wohl, Aleksandar H."]
[Result "0-1"]
[WhiteElo "2156"]
[BlackElo "2379"]
[PlyCount "68"]
[EventDate "2003.10.18"]

1.d4 g6 2.e4 Bg7 3.Nc3 d6 4.Be3 a6 5.Qd2 b5 6.O-O-O Bb7 7.Bd3 Nd7 8.Nf3 c5
9.Rhe1 Rc8 10.dxc5 Nxc5 11.Bd4 Bh6 12.Be3 b4 13.Bxh6 bxc3 14.Qe3 cxb2+ 15.
Kb1 Nxh6 16.Qxh6 Na4 17.Qg7 Rf8 18.Nd4 Qb6 19.Nb3 Qb4 20.c4 a5 21.Kc2 e5 
22.Qh6 Rxc4+ 23.Kb1 Nc3+ 24.Kxb2 Nxd1+ 25.Rxd1 Qc3+ 26.Kb1 a4 27.Qd2 axb3 
28.Bxc4 Qxc4 29.f3 bxa2+ 30.Ka1 Qd4+ 31.Qxd4 exd4 32.Rxd4 Ke7 33.Kxa2 f5 
34.Rb4 Bc6 0-1